Banaria kukurar jus aru anyanya galpa (Record no. 4028)

MARC details
000 -LEADER
fixed length control field 00567cam a2200205ua 4500
001 - CONTROL NUMBER
control field 4210
005 - DATE AND TIME OF LATEST TRANSACTION
control field 20260515113813.0
008 - FIXED-LENGTH DATA ELEMENTS--GENERAL INFORMATION
fixed length control field 111220n ii |||gr||||Z||||||asm
040 ## - CATALOGING SOURCE
Transcribing agency MAIN
082 ## - DEWEY DECIMAL CLASSIFICATION NUMBER
Classification number 891.4513
100 1# - MAIN ENTRY--PERSONAL NAME
Personal name Johnson, Alvin,
245 11 - TITLE STATEMENT
Title Banaria kukurar jus aru anyanya galpa
Statement of responsibility, etc. by Alvin Johnson
250 ## - EDITION STATEMENT
Edition statement 1st.
260 ## - PUBLICATION, DISTRIBUTION, ETC.
Place of publication, distribution, etc. Kolkata:
Name of publisher, distributor, etc. Sreebhumi publishing co.,961.
300 ## - PHYSICAL DESCRIPTION
Extent 196p:5cm.
653 ## - INDEX TERM--UNCONTROLLED
Uncontrolled term Assamese short stories
653 ## - INDEX TERM--UNCONTROLLED
Uncontrolled term Banaria kukurar jus aru anyanya galpa
700 1# - ADDED ENTRY--PERSONAL NAME
Personal name Saikia, Chandrapabha,
Relator term Translator.,
942 ## - ADDED ENTRY ELEMENTS (KOHA)
Koha item type Books
Holdings
Withdrawn status Lost status Damaged status Not for loan Home library Current library Shelving location Date acquired Total checkouts Full call number Barcode Date last seen Copy number Price effective from Koha item type
        Naharkatiya College Library Naharkatiya College Library General stacks 09/19/2020   891.4513 | JOH 8524 09/19/2020 1 09/19/2020 Books